[Event "Ricany op"]
[Site "Ricany"]
[Date "2023.08.30"]
[Round "6"]
[White "Sboev, Kirill"]
[Black "Simak, Ivo"]
[Result "0-1"]
[WhiteElo "1542"]
[BlackElo "1575"]
[PlyCount "88"]
[EventDate "2023.08.26"]
[EventType "swiss"]
[EventRounds "9"]
[EventCountry "CZE"]
[SourceTitle "EXT 2024"]
[Source "ChessBase"]
[SourceDate "2023.10.10"]
[SourceVersion "1"]
[SourceVersionDate "2023.10.10"]
[SourceQuality "1"]

1. d4 b6 2. c4 d6 3. Nc3 g6 4. Nf3 Bg7 5. e4 Nd7 6. Be2 Ngf6 7. 0-0 Bb7 8. Qc2 0-0 9. Rd1 Re8 10. Bf4 Nh5 11. Bg3 Nxg3 12. hxg3 e5 13. d5 Qe7 14. b4 a6 15. a3 Rf8 16. Nh4 Bf6 17. Bg4 Bc8 18. Nf3 Bg7 19. Bh3 Bh6 20. Kh2 Nf6 21. Rh1 Bxh3 22. gxh3 Nh5 23. Qe2 f5 24. exf5 Rxf5 25. Nd4 Rf7 26. Ne6 Ng7 27. Nxg7 Kxg7 28. Ne4 Raf8 29. Rhg1 Rf3 30. Rg2 Rb3 31. Nd2 Rb2 32. Rd1 e4 33. Qxe4 Qxe4 34. Nxe4 Rb3 35. Nd2 Rb2 36. Nb1 Re2 37. f4 Re3 38. Rc1 Kf7 39. Rgg1 Bg7 40. Rc2 g5 41. fxg5 Be5 42. Rgg2 Kg6 43. h4 Kh5 44. Kh3 Re4 0-1

[Event "Ricany op"]
[Site "Ricany"]
[Date "2023.08.27"]
[Round "3"]
[White "Sboev, Kirill"]
[Black "Ocelak, David"]
[Result "0-1"]
[WhiteElo "1542"]
[BlackElo "1640"]
[PlyCount "44"]
[EventDate "2023.08.26"]
[EventType "swiss"]
[EventRounds "9"]
[EventCountry "CZE"]
[SourceTitle "EXT 2024"]
[Source "ChessBase"]
[SourceDate "2023.10.10"]
[SourceVersion "1"]
[SourceVersionDate "2023.10.10"]
[SourceQuality "1"]

1. d4 Nf6 2. c4 g6 3. Nc3 Bg7 4. Nf3 d6 5. e3 0-0 6. Bd3 Nbd7 7. 0-0 e5 8. dxe5 Nxe5 9. Nxe5 dxe5 10. h3 Be6 11. e4 c6 12. Bg5 Qc7 13. Qf3 Nd7 14. Qe3 f5 15. f4 Rae8 16. fxe5 Nxe5 17. Qe2 h6 18. Bf4 g5 19. Bxe5 Qxe5 20. exf5 Qd4+ 21. Kh1 Bxf5 22. Qd2 Qxd3 0-1

[Event "Ricany op"]
[Site "Ricany"]
[Date "2023.08.26"]
[Round "1"]
[White "Sboev, Kirill"]
[Black "Cervenka, Petr"]
[Result "0-1"]
[WhiteElo "1542"]
[BlackElo "1869"]
[PlyCount "34"]
[EventDate "2023.08.26"]
[EventType "swiss"]
[EventRounds "9"]
[EventCountry "CZE"]
[SourceTitle "EXT 2024"]
[Source "ChessBase"]
[SourceDate "2023.10.10"]
[SourceVersion "1"]
[SourceVersionDate "2023.10.10"]
[SourceQuality "1"]

1. d4 e6 2. c4 f5 3. Nc3 Nf6 4. Bg5 Be7 5. Nf3 d6 6. e3 0-0 7. Bd3 Nc6 8. 0-0 Qe8 9. Nb5 Bd8 10. Bxf6 Rxf6 11. d5 Nb4 12. a3 Nxd3 13. Qxd3 e5 14. Qd2 Qh5 15. Ne1 f4 16. exf4 Rh6 17. Nf3 Bf5 0-1

[Event "CZE-ch U12"]
[Site "Teplice"]
[Date "2023.03.17"]
[Round "8"]
[White "Migalko, Dmitriy"]
[Black "Sboev, Kirill"]
[Result "0-1"]
[WhiteElo "1581"]
[BlackElo "1506"]
[PlyCount "106"]
[EventDate "2023.03.11"]
[EventType "swiss"]
[EventRounds "9"]
[EventCountry "CZE"]
[SourceTitle "CBM 213 Extra"]
[Source "ChessBase"]
[SourceDate "2023.05.31"]
[SourceVersion "1"]
[SourceVersionDate "2023.05.31"]
[SourceQuality "1"]

1. c4 e6 2. e4 e5 3. Nf3 Nc6 4. d4 exd4 5. Nxd4 Bb4+ 6. Nc3 Nf6 7. Nxc6 bxc6 8. Bd3 d6 9. 0-0 0-0 10. Qc2 Re8 11. f3 d5 12. cxd5 Bxc3 13. bxc3 cxd5 14. exd5 Qxd5 15. Rd1 Kh8 16. Ba3 Qg5 17. Qd2 Qxd2 18. Rxd2 Bd7 19. Bc4 Be6 20. Bxe6 Rxe6 21. Rad1 Ree8 22. Rb2 Rab8 23. Rxb8 Rxb8 24. Kf2 h6 25. g4 Kh7 26. Kg3 Kg6 27. h4 Rb6 28. h5+ Kh7 29. Bc5 Ra6 30. a3 Ra5 31. Bb4 Rd5 32. Rxd5 Nxd5 33. c4 Ne3 34. c5 c6 35. Kf4 Nc4 36. Ke4 a5 37. Kd4 axb4 38. Kxc4 bxa3 39. Kb3 g5 40. Kxa3 Kg7 41. Kb4 Kf6 42. Kc3 Ke5 43. Kc4 Kf4 44. Kd4 f6 45. Kc4 Kxf3 46. Kb4 Kxg4 47. Ka5 f5 48. Kb6 f4 49. Kxc6 f3 50. Kb7 f2 51. c6 f1Q 52. c7 Qc4 53. Ka8 Kf4 0-1

[Event "CZE-ch U12"]
[Site "Teplice"]
[Date "2023.03.15"]
[Round "6"]
[White "Rendl, Lubos"]
[Black "Sboev, Kirill"]
[Result "1-0"]
[WhiteElo "1477"]
[BlackElo "1506"]
[PlyCount "113"]
[EventDate "2023.03.11"]
[EventType "swiss"]
[EventRounds "9"]
[EventCountry "CZE"]
[SourceTitle "CBM 213 Extra"]
[Source "ChessBase"]
[SourceDate "2023.05.31"]
[SourceVersion "1"]
[SourceVersionDate "2023.05.31"]
[SourceQuality "1"]

1. Nf3 d5 2. c4 e6 3. d4 Nf6 4. Nc3 Be7 5. Bf4 0-0 6. e3 b6 7. h3 Bb7 8. Rc1 Nbd7 9. cxd5 exd5 10. Bd3 Rc8 11. 0-0 c5 12. Qd2 Ne4 13. Bxe4 dxe4 14. Ne5 Nxe5 15. Bxe5 Bf6 16. Bxf6 Qxf6 17. dxc5 Rxc5 18. Ne2 Rd8 19. Nd4 Qd6 20. Rfd1 h6 21. Rxc5 bxc5 22. Nb3 Qxd2 23. Rxd2 Rxd2 24. Nxd2 Bd5 25. Kh2 f5 26. a3 a5 27. f4 Kf7 28. g4 fxg4 29. hxg4 g6 30. Kg3 Ke6 31. Kh4 Kf7 32. Kg3 Ke7 33. Kh3 Kd6 34. Kg3 g5 35. Nb1 Bc6 36. Nc3 Ke6 37. Kf2 Kf6 38. Ke2 Ke6 39. Kd2 Kd6 40. Kc2 c4 41. Ne2 Bd7 42. Ng3 Kd5 43. f5 Be8 44. b3 cxb3+ 45. Kxb3 Bb5 46. f6 Be8 47. f7 Bxf7 48. Ka4 Bg6 49. Kxa5 Kc5 50. a4 Bh7 51. Nh5 Kc6 52. Kb4 Bg6 53. Nf6 h5 54. gxh5 Bf5 55. h6 Bh7 56. Nxh7 g4 57. Ng5 1-0

[Event "CZE-ch U12"]
[Site "Teplice"]
[Date "2023.03.13"]
[Round "3"]
[White "Sboev, Kirill"]
[Black "Rudlof, Adam"]
[Result "0-1"]
[WhiteElo "1506"]
[BlackElo "1409"]
[PlyCount "44"]
[EventDate "2023.03.11"]
[EventType "swiss"]
[EventRounds "9"]
[EventCountry "CZE"]
[SourceTitle "CBM 213 Extra"]
[Source "ChessBase"]
[SourceDate "2023.05.31"]
[SourceVersion "1"]
[SourceVersionDate "2023.05.31"]
[SourceQuality "1"]

1. d4 Nf6 2. c4 c5 3. d5 b5 4. cxb5 a6 5. bxa6 Bxa6 6. Nc3 g6 7. e4 Bxf1 8. Kxf1 d6 9. Nf3 Bg7 10. g3 Nbd7 11. Kg2 0-0 12. Qe2 Qa5 13. Rd1 Rfb8 14. Nd2 Ne8 15. Nb3 Rxb3 16. axb3 Qxa1 17. Na4 Rb8 18. Qc4 Qa2 19. Rd3 Ne5 20. Qc2 Nxd3 21. Qxd3 Rxb3 22. Qc4 Rxg3+ 0-1

[Event "CZE-chT2B 2223"]
[Site "Czech Republic"]
[Date "2023.02.19"]
[Round "9.4"]
[White "Petr, Jan"]
[Black "Sboev, Kirill"]
[Result "1-0"]
[WhiteElo "2067"]
[BlackElo "1509"]
[PlyCount "59"]
[EventDate "2022.10.16"]
[EventType "team-tourn"]
[EventRounds "11"]
[EventCountry "CZE"]
[SourceTitle "EXT 2024"]
[Source "ChessBase"]
[SourceDate "2023.10.10"]
[SourceVersion "1"]
[SourceVersionDate "2023.10.10"]
[SourceQuality "1"]
[WhiteTeam "Pankrac II"]
[BlackTeam "Aurora"]
[WhiteTeamCountry "CZE"]
[BlackTeamCountry "CZE"]

1. e4 e5 2. Nf3 Nc6 3. Bc4 Nf6 4. d3 Bc5 5. c3 d6 6. b4 Bb6 7. h3 Be6 8. Nbd2 0-0 9. 0-0 Re8 10. Bxe6 fxe6 11. Nc4 d5 12. Ncxe5 Nxe5 13. Nxe5 dxe4 14. d4 c6 15. Bg5 h6 16. Bh4 g5 17. Bg3 Kg7 18. Qe2 a5 19. a3 axb4 20. axb4 Rc8 21. Rad1 Rf8 22. Ng4 Qd5 23. Be5 Bd8 24. c4 Qd7 25. Qxe4 Be7 26. f4 Qe8 27. fxg5 hxg5 28. Nxf6 Bxf6 29. Rxf6 Rxf6 30. Rf1 1-0

[Event "CZE-chT2B 2223"]
[Site "Czech Republic"]
[Date "2022.12.04"]
[Round "4.8"]
[White "Sboev, Kirill"]
[Black "Kotek, Daniel"]
[Result "0-1"]
[WhiteElo "1509"]
[BlackElo "2192"]
[PlyCount "80"]
[EventDate "2022.10.16"]
[EventType "team-tourn"]
[EventRounds "11"]
[EventCountry "CZE"]
[SourceTitle "EXT 2024"]
[Source "ChessBase"]
[SourceDate "2023.10.10"]
[SourceVersion "1"]
[SourceVersionDate "2023.10.10"]
[SourceQuality "1"]
[WhiteTeam "Aurora"]
[BlackTeam "Litomerice II"]
[WhiteTeamCountry "CZE"]
[BlackTeamCountry "CZE"]

1. d4 e6 2. c4 Nf6 3. Nc3 Bb4 4. Qc2 d5 5. a3 Bxc3+ 6. Qxc3 0-0 7. Nf3 Ne4 8. Qc2 a5 9. Bf4 Nc6 10. e3 g5 11. Bg3 h5 12. h3 Nxg3 13. fxg3 Kg7 14. Be2 f6 15. h4 g4 16. Nd2 Qd6 17. Nf1 e5 18. dxe5 Qxe5 19. 0-0-0 d4 20. e4 Ne7 21. Bd3 c5 22. Re1 Be6 23. Qf2 Nc8 24. Qf4 Nd6 25. Nd2 b5 26. cxb5 c4 27. Bf1 a4 28. Be2 Rab8 29. Qxe5 fxe5 30. Rhf1 Rxb5 31. Rxf8 Kxf8 32. Rf1+ Ke7 33. Re1 Rc5 34. Bd1 Bd7 35. Rf1 c3 36. bxc3 Rxc3+ 37. Kb2 Rxg3 38. Rf2 Bc6 39. Bc2 Re3 40. Ka2 d3 0-1

[Event "CZE-chT2B 2223"]
[Site "Czech Republic"]
[Date "2022.11.20"]
[Round "3.6"]
[White "Sboev, Kirill"]
[Black "Dvorak, Jan"]
[Result "0-1"]
[WhiteElo "1509"]
[BlackElo "2175"]
[PlyCount "42"]
[EventDate "2022.10.16"]
[EventType "team-tourn"]
[EventRounds "11"]
[EventCountry "CZE"]
[SourceTitle "EXT 2024"]
[Source "ChessBase"]
[SourceDate "2023.10.10"]
[SourceVersion "1"]
[SourceVersionDate "2023.10.10"]
[SourceQuality "1"]
[WhiteTeam "Aurora"]
[BlackTeam "Kobylisy"]
[WhiteTeamCountry "CZE"]
[BlackTeamCountry "CZE"]

1. d4 e6 2. c4 Nf6 3. Nc3 d5 4. Nf3 Nbd7 5. Bf4 dxc4 6. e3 b5 7. Nxb5 Nd5 8. Bg3 Bb4+ 9. Nd2 a6 10. e4 axb5 11. exd5 exd5 12. Qe2+ Be7 13. Qe3 0-0 14. Bxc7 Qxc7 15. Qxe7 Ra6 16. Qb4 Re8+ 17. Kd1 Qf4 18. Nf3 Nf6 19. Qxb5 Rae6 20. Qa4 Re4 21. Qc2 Bg4 0-1

[Event "CZE-chT2B 2223"]
[Site "Czech Republic"]
[Date "2022.11.06"]
[Round "2.8"]
[White "Lorencova, Vera"]
[Black "Sboev, Kirill"]
[Result "0-1"]
[WhiteElo "1895"]
[BlackElo "1509"]
[PlyCount "52"]
[EventDate "2022.10.16"]
[EventType "team-tourn"]
[EventRounds "11"]
[EventCountry "CZE"]
[SourceTitle "EXT 2024"]
[Source "ChessBase"]
[SourceDate "2023.10.10"]
[SourceVersion "1"]
[SourceVersionDate "2023.10.10"]
[SourceQuality "1"]
[WhiteTeam "Karlovy Vary"]
[BlackTeam "Aurora"]
[WhiteTeamCountry "CZE"]
[BlackTeamCountry "CZE"]

1. e4 e5 2. d4 exd4 3. Nf3 Nc6 4. Nxd4 Nf6 5. Nxc6 bxc6 6. e5 Qe7 7. Qe2 Nd5 8. c4 Ba6 9. b3 g6 10. Qe4 Nf6 11. Qe2 Nd5 12. g3 Bg7 13. f4 d6 14. Qe4 f5 15. Qg2 dxe5 16. Ba3 Nb4 17. Bxb4 Qxb4+ 18. Nd2 0-0-0 19. Rd1 e4 20. c5 Bxf1 21. Kxf1 e3 22. Qxc6 exd2 23. Qa8+ Qb8 24. Qc6 Qb7 25. Qe6+ Kb8 26. Rg1 Qf3# 0-1

[Event "Ricany op 20th"]
[Site "Ricany"]
[Date "2022.08.31"]
[Round "6"]
[White "Sboev, Kirill"]
[Black "Petras, Milan"]
[Result "0-1"]
[WhiteElo "1522"]
[BlackElo "1896"]
[PlyCount "64"]
[EventDate "2022.08.27"]
[EventType "swiss"]
[EventRounds "9"]
[EventCountry "CZE"]
[SourceTitle "CBM 210 Extra"]
[Source "ChessBase"]
[SourceDate "2022.11.30"]
[SourceVersion "1"]
[SourceVersionDate "2022.11.30"]
[SourceQuality "1"]

1. d4 Nf6 2. c4 e6 3. Nf3 c5 4. Nc3 d5 5. cxd5 exd5 6. Bg5 Be6 7. e3 Nc6 8. dxc5 Bxc5 9. Be2 0-0 10. 0-0 Be7 11. a3 a6 12. Qc2 Qd7 13. Rfd1 Rfd8 14. Rac1 Rac8 15. Qb1 Qe8 16. Rd2 h6 17. Bh4 Na5 18. b3 g5 19. Bg3 Bxa3 20. Rcc2 Bb4 21. Qb2 Nc6 22. Rd1 Qe7 23. h3 Ba3 24. Qb1 Bf5 25. Bd3 Bxd3 26. Rxd3 Nb4 27. Rcd2 Nxd3 28. Rxd3 Bd6 29. Nxd5 Nxd5 30. Rxd5 Bxg3 31. Rxd8+ Rxd8 32. fxg3 Qxe3+ 0-1

[Event "Ricany op 20th"]
[Site "Ricany"]
[Date "2022.08.28"]
[Round "2"]
[White "Mach, Jan1111"]
[Black "Sboev, Kirill"]
[Result "1/2-1/2"]
[WhiteElo "1737"]
[BlackElo "1522"]
[PlyCount "88"]
[EventDate "2022.08.27"]
[EventType "swiss"]
[EventRounds "9"]
[EventCountry "CZE"]
[SourceTitle "CBM 210 Extra"]
[Source "ChessBase"]
[SourceDate "2022.11.30"]
[SourceVersion "1"]
[SourceVersionDate "2022.11.30"]
[SourceQuality "1"]

1. Nf3 d5 2. c4 e6 3. d4 Be7 4. Nc3 Nf6 5. e3 0-0 6. Bd3 Nbd7 7. 0-0 b6 8. cxd5 exd5 9. b3 Bb7 10. Bb2 Ne4 11. Rc1 Ndf6 12. Nb5 c6 13. Nc3 Rc8 14. Nd2 Nd6 15. Re1 Re8 16. e4 dxe4 17. Ndxe4 Ndxe4 18. Nxe4 Nxe4 19. Bxe4 Bb4 20. Bc3 Bxc3 21. Rxc3 Qf6 22. Rf3 Qd6 23. Rfe3 Red8 24. Bf3 h6 25. Bg4 Rb8 26. h3 Qa3 27. Qc2 Qb4 28. Qd3 c5 29. Re7 Qxd4 30. Qxd4 Rxd4 31. Re8+ Rxe8 32. Rxe8+ Kh7 33. Re7 Bd5 34. Rxa7 Rb4 35. Rd7 Be6 36. Bxe6 fxe6 37. Rd6 e5 38. f3 Rb5 39. Kf1 Ra5 40. Rxb6 Rxa2 41. Rb5 Rc2 42. b4 cxb4 43. Rxb4 Kg6 44. Re4 Rc5 1/2-1/2